00222 a2200109 4500001000700000020000600007040001100013100002800024240002800052245002300080362000900103167911 a  cMagnum aToledo, Geraldo Luciano10aEstatistica basicalpor10aEstatistica basica0 a1899